| 000 | 01266cam a22003134a 4500 | ||
|---|---|---|---|
| 001 | 14239786 | ||
| 003 | OSt | ||
| 005 | 20231004133133.0 | ||
| 008 | 060124s2006 nyua b 001 0 eng | ||
| 010 | _a 2006921166 | ||
| 020 | _a9780387326979 (alk. paper) | ||
| 020 | _a0387326979 (alk. paper) | ||
| 020 | _a0387326987 (ebook) | ||
| 040 |
_aDLC _cDLC _dDLC |
||
| 050 | 0 | 0 |
_aT57.74 _b.L56 2006 |
| 082 | 0 | 0 |
_a519.72 _bFIE/L |
| 245 | 0 | 0 |
_aLinear optimization problems with inexact data / _cM. Fiedler ... [et al.]. |
| 260 |
_aNew York : _bSpringer, _cc2006. |
||
| 300 |
_axv, 214 p. : _bill. ; _c25 cm. |
||
| 504 | _aIncludes bibliographical references (p. [195]-204) and index. | ||
| 650 | 0 | _aLinear programming. | |
| 650 | 0 | _aMathematical optimization. | |
| 700 | 1 |
_aFiedler, Miroslav _99570 |
|
| 856 | 4 | 1 |
_3Table of contents only _uhttp://www.loc.gov/catdir/toc/fy0702/2006921166.html |
| 856 | 4 | 2 |
_3Publisher description _uhttp://www.loc.gov/catdir/enhancements/fy0663/2006921166-d.html |
| 906 |
_a7 _bcbc _corignew _d2 _eepcn _f20 _gy-gencatlg |
||
| 942 |
_2ddc _cBK _h519.72 _iFIE/L _k519.72 _mFIE/L |
||
| 999 |
_c42333 _d42333 |
||